KSW- byli pretendentami do pasa więcej niż raz, ale nigdy mistrzami - Statystyki

Ogólne statystyki
  • Ten quiz został rozwiązany 70 razy
  • Średni wynik to 5 z 9
Statystyki odpowiedzi
Kategoria wagowa Numery gal na których zawodnik walczył o pas Odpowiedź Sposoby, w które zawodnik przegrał walki mistrzowskie % Poprawnych
ciężka KSW 67 i KSW 100 Darko Stosić Na KSW 67 poddał się w walce z Philem de Friesem 5 rundzie, a na KSW 100 przegrał z tym samym zawodnikiem przez TKO w 1 rundzie.
84%
półciężka/ciężka KSW 39, KSW 100 i KSW 117 Marcin Wójcik Na KSW 39 przegrał z Tomaszem Narkunem przez poddanie (trójkąt nogami) w 1 rundzie, na KSW 100 przegrał z Rafałem Haratykiem przez TKO w 2 rundzie, natomiast na KSW 117 uległ Philowi de Friesowi przez poddanie (duszenie zza pleców)
83%
średnia KSW 83 i KSW 104 Tomasz Romanowski Na KSW 83 przegrał z Pawłem Pawlakiem przez TKO w 5 rundzie, natomiast na KSW 104 z Piotrem Kuberskim przez TKO w 3 rundzie.
79%
lekka KSW 71 i KSW 76 Sebastian Rajewski Na KSW 71 przegrał z Marianem Ziółkowskim przez jednogłośną decyzję sędziów, natomiast na KSW 76 przegrał z Salahdinem Parnasse przez poddanie (duszenie zza pleców) w 4 rundzie.
59%
ciężka KSW 33 i KSW 57 Michał Kita Na KSW 33 przegrał przez KO z Karolem Bedorfem w rundzie 2, natomiast na KSW 57 przegrał przez TKO z Philem de Friesem w rundzie 2.
57%
piórkowa/lekka KSW 48 i KSW 57 Roman Szymański Na KSW 48 przegrał z Salahdinem Parnasse przez TKO w 2 rundzie, a na KSW 57 z Marianem Ziółkowskim przez TKO w 4 rundzie.
57%
półciężka KSW 56 i KSW 77 Ivan Erslan Na KSW 56 przegrał z Tomaszem Narkunem przez poddanie (duszenie zza pleców) w 2 rundzie, a na KSW 77 z Ibragimem Chuzhigaevem przez jednogłośną decyzję sędziów.
55%
kogucia KSW 57 i KSW 64 Bruno Augusto dos Santos Na KSW 57 przegrał z Antunem Racicem jednogłośną decyzją sędziów, a na KSW 64 został poddany przez Sebastiana Przybysza odwrotnym trójkątem nogami w rundzie 3.
34%
średnia KSW 19 i KSW 26 Jay Silva Dwukrotnie przegrał decyzją sędziów z Michałem Materlą. Na KSW 19 była to decyzja większościowa, a na KSW 26 jednogłośna.
34%
Nie znaleziono quizów pasujących do podanych kryteriów
Rozkład punktacji
Procent ludzi z każdym wynikiem
Percentyl według liczby udzielonych odpowiedzi
Twoja historia wyników
Nie rozwiązałeś tego quizu